<?xml version="1.0" encoding="UTF-8"?>
<record
    xmlns:xsi="http://www.w3.org/2001/XMLSchema-instance"
    xsi:schemaLocation="http://www.loc.gov/MARC21/slim http://www.loc.gov/standards/marcxml/schema/MARC21slim.xsd"
    xmlns="http://www.loc.gov/MARC21/slim">

  <leader>01000nam a2200277 a 4500</leader>
  <controlfield tag="001">BRL_1893</controlfield>
  <controlfield tag="005">20190320211424.0</controlfield>
  <controlfield tag="008">130815s1903----mx-a######---#000-0#spa-#</controlfield>
  <datafield tag="041" ind1=" " ind2=" ">
    <subfield code="a">spa</subfield>
  </datafield>
  <datafield tag="044" ind1=" " ind2=" ">
    <subfield code="a">mx</subfield>
  </datafield>
  <datafield tag="050" ind1=" " ind2="4">
    <subfield code="a">F1219</subfield>
    <subfield code="b">.M68 1903</subfield>
  </datafield>
  <datafield tag="100" ind1="1" ind2=" ">
    <subfield code="a">Motolinia, Toribio</subfield>
    <subfield code="d">1568</subfield>
    <subfield code="9">8540</subfield>
  </datafield>
  <datafield tag="245" ind1="1" ind2="0">
    <subfield code="a">Memoriales de Fray Toribio de Motolinia</subfield>
    <subfield code="b">manuscrito de la colecci&#xF3;n del se&#xF1;or don Joaqu&#xED;n Garc&#xED;a Icazbalceta, que publ&#xED;calo por primera vez su hijo Luis Garc&#xED;a Pimentel.</subfield>
  </datafield>
  <datafield tag="260" ind1=" " ind2=" ">
    <subfield code="a">M&#xE9;jico</subfield>
    <subfield code="b">En Casa del Editor</subfield>
    <subfield code="c">1903</subfield>
  </datafield>
  <datafield tag="300" ind1=" " ind2=" ">
    <subfield code="a">viii, 364 p.</subfield>
    <subfield code="b">il., 1 l&#xE1;mina</subfield>
    <subfield code="c">25 cm.</subfield>
  </datafield>
  <datafield tag="440" ind1=" " ind2="0">
    <subfield code="a">Documentos Hist&#xF3;ricos de Mejico</subfield>
    <subfield code="v">1</subfield>
    <subfield code="9">28174</subfield>
  </datafield>
  <datafield tag="500" ind1=" " ind2=" ">
    <subfield code="a">Incluye ap&#xE9;ndice</subfield>
  </datafield>
  <datafield tag="500" ind1=" " ind2=" ">
    <subfield code="a">Au1284</subfield>
  </datafield>
  <datafield tag="500" ind1=" " ind2=" ">
    <subfield code="a">Estado f&#xED;sico: Desojado.</subfield>
  </datafield>
  <datafield tag="500" ind1=" " ind2=" ">
    <subfield code="a">Ver tambi&#xE9;n n&#xFA;mero de sistema 3173 perteneciente al Fondo General Franz Mayer</subfield>
  </datafield>
  <datafield tag="650" ind1="1" ind2="4">
    <subfield code="a">Calendario mexicano</subfield>
    <subfield code="9">8542</subfield>
  </datafield>
  <datafield tag="650" ind1="1" ind2="4">
    <subfield code="a">Ind&#xED;genas de M&#xE9;xico</subfield>
    <subfield code="9">4678</subfield>
  </datafield>
  <datafield tag="700" ind1="1" ind2=" ">
    <subfield code="a">Garc&#xED;a Pimentel, Luis</subfield>
    <subfield code="9">8543</subfield>
  </datafield>
  <datafield tag="902" ind1=" " ind2=" ">
    <subfield code="a">GRL</subfield>
  </datafield>
  <datafield tag="942" ind1=" " ind2=" ">
    <subfield code="2">lcc</subfield>
    <subfield code="c">B</subfield>
  </datafield>
  <datafield tag="999" ind1=" " ind2=" ">
    <subfield code="c">10701</subfield>
    <subfield code="d">10701</subfield>
  </datafield>
  <datafield tag="952" ind1=" " ind2=" ">
    <subfield code="0">0</subfield>
    <subfield code="1">0</subfield>
    <subfield code="4">0</subfield>
    <subfield code="7">0</subfield>
    <subfield code="a">BRL</subfield>
    <subfield code="b">BRL</subfield>
    <subfield code="d">2015-08-13</subfield>
    <subfield code="i">Au1284</subfield>
    <subfield code="l">0</subfield>
    <subfield code="o">F1219 .M68 1903 (Au1284)</subfield>
    <subfield code="p">GRL02093</subfield>
    <subfield code="r">2019-03-22 00:00:00</subfield>
    <subfield code="w">2019-03-22</subfield>
    <subfield code="y">B</subfield>
  </datafield>
</record>
